书目信息 |
| 题名: |
低空经济数字基础设施关键技术与规划方法
|
|
| 作者: | 殷鹏 , 朱晨鸣 , 唐怀坤 编著 | |
| 分册: | ||
| 出版信息: | 北京 人民邮电出版社 2024.01 |
|
| 页数: | 206页 | |
| 开本: | 24cm | |
| 丛书名: | ||
| 单 册: | ||
| 中图分类: | F562 | |
| 科图分类: | ||
| 主题词: | 民用航空--min yong hang kong--基础设施--产业发展--研究--中国 | |
| 电子资源: | ||
| ISBN: | 978-7-115-65320-8 | |
| 000 | 01921nam0 2200349 450 | |
| 001 | 2533013168 | |
| 005 | 20251217091050.83 | |
| 010 | @a978-7-115-65320-8@dCNY99.80 | |
| 099 | @aCAL 012025013294 | |
| 100 | @a20250210d2024 em y0chiy0120 ea | |
| 101 | 0 | @achi |
| 102 | @aCN@b110000 | |
| 105 | @aa a 000yy | |
| 200 | 1 | @a低空经济数字基础设施关键技术与规划方法@Adi kong jing ji shu zi ji chu she shi guan jian ji shu yu gui hua fang fa@f殷鹏 ... [等] 编著 |
| 210 | @a北京@c人民邮电出版社@d2024.01 | |
| 215 | @a206页@c图@d24cm | |
| 300 | @a信通社区 | |
| 304 | @a题名页题其余责任者:朱晨鸣、唐怀坤、蒋晓虞、田原、王江涛、周文杰 | |
| 314 | @a殷鹏,江苏省通信服务有限公司党委书记、总经理,研究员级高级工程师、中国科技咨询协会注册高级顾问、江苏省数字经济(智能交通)工程高级专业技术资格 评审委员会委员、江苏省注册咨询专家等。 | |
| 314 | @a朱晨鸣,研究员级高级工程师,中通服咨询设计研究院总工程师,全国优秀通信设计工作者,江苏省注册咨询专家,江苏省优秀工程勘察设计师,江苏省“333高层次人才培养工程”第三层次人才,南京市中青年拔尖人才。 | |
| 314 | @a唐怀坤,中通服咨询设计研究院有限公司高级经济师,注册咨询工程师(投资)、江苏省注册咨询专家。 | |
| 320 | @a有书目 (第206页) | |
| 330 | @a本书介绍了低空经济的内涵、特征、现状、数字基础设施概述等,力图梳理低空经济发展的理论体系,分析论述低空经济规划与建设中可能遇到的一些基本问题以及解决问题的基本路径。本书提供了对低空经济数字基础设施的规范编制、产业规划与网络规划设计等方面的思考。本书分析低空经济发展趋势、低空业务对数字基础设施的个性化要求、围绕具体业务场景的规划/设计/建设方法等方面进行细致而全面的阐述。 | |
| 503 | @n河南城建学院图书馆 | |
| 606 | 0 | @a民用航空@Amin yong hang kong@x基础设施@x产业发展@x研究@y中国 |
| 690 | @aF562@v5 | |
| 701 | 0 | @a殷鹏@Ayin peng@4编著 |
| 701 | 0 | @a朱晨鸣@Azhu chen ming@4编著 |
| 701 | 0 | @a唐怀坤@Atang huai kun@4编著 |
| 801 | 0 | @aCN@c20250919 |
| 905 | @a河南城建学院图书馆@dF562@eY580@ZY580@f3 | |
| 998 | @aNMU | |
| 低空经济数字基础设施关键技术与规划方法/殷鹏 ... [等] 编著.-北京:人民邮电出版社,2024.01 |
| 206页:图;24cm |
| 信通社区 |
| ISBN 978-7-115-65320-8:CNY99.80 |
| 本书介绍了低空经济的内涵、特征、现状、数字基础设施概述等,力图梳理低空经济发展的理论体系,分析论述低空经济规划与建设中可能遇到的一些基本问题以及解决问题的基本路径。本书提供了对低空经济数字基础设施的规范编制、产业规划与网络规划设计等方面的思考。本书分析低空经济发展趋势、低空业务对数字基础设施的个性化要求、围绕具体业务场景的规划/设计/建设方法等方面进行细致而全面的阐述。 |
| ● |
| 相关链接 |
|
|
|
正题名:低空经济数字基础设施关键技术与规划方法
索取号:F562/Y580
 
预约/预借
| 序号 | 登录号 | 条形码 | 馆藏地/架位号 | 状态 | 备注 |
| 1 | 1556796 | 215567964 | 建筑与城市规划学院资料室/ [索取号:F562/Y580] | 在馆 | |
| 2 | 1556797 | 215567973 | 建筑与城市规划学院资料室/ [索取号:F562/Y580] | 在馆 |